Essential microeconomics : principles, cases, problems /
This book is divided into five parts: Market demand and firm behavior; Perfect competition and monopoly; Oligopoly, monopolistic competition, and antitrust policy; The distribution of income; and Resource allocation and the Government.
Bewaard in:
| Hoofdauteur: | |
|---|---|
| Formaat: | Boek |
| Taal: | English |
| Gepubliceerd in: |
New York :
W. W. Norton,
1998.
|
| Onderwerpen: | |
| Tags: |
Voeg label toe
Geen labels, Wees de eerste die dit record labelt!
|
| Thư viện lưu trữ: | Mạng thư viện Đại học Đà Nẵng |
|---|
| LEADER | 01056cam a2200325 i 4500 | ||
|---|---|---|---|
| 001 | 000048943 | ||
| 003 | 8669 | ||
| 005 | 20030226101404.0 | ||
| 008 | 010316|1998 vm 000 eng | ||
| 020 | |a 039397040X | ||
| 040 | |a IRC |c IRC |d IRC | ||
| 041 | 0 | |a eng | |
| 082 | 1 | 4 | |a 338.5 |b MA-E |
| 100 | 1 | |a Mansfield, Edwin. | |
| 245 | 0 | 0 | |a Essential microeconomics : |b principles, cases, problems / |c Edwin Mansfield. |
| 260 | |a New York : |b W. W. Norton, |c 1998. | ||
| 300 | |a ix, 259 p. : |b ill. ; |c 25.5cm. | ||
| 520 | 3 | |a This book is divided into five parts: Market demand and firm behavior; Perfect competition and monopoly; Oligopoly, monopolistic competition, and antitrust policy; The distribution of income; and Resource allocation and the Government. | |
| 630 | 0 | 4 | |a Microeconomics. |
| 650 | 0 | 4 | |a Microeconomics. |
| OWN | |a DUT | ||
| 999 | |a From the UDN01 | ||
| TYP | |a Monograph | ||
| TYP | |a Printed language | ||
| 980 | |a Mạng thư viện Đại học Đà Nẵng | ||


